Classement Liga Portugal (Liga nos) 2022-2023 - Statistiques

Statistiques générales
  • Ce quiz a été pris 243 fois
  • Le résultat moyen est 11 sur 18
Statistiques - réponses
Classement Point Club % Correct
1 87 SL Benfica
100%
2 85 FC Porto
99%
4 74 Sporting CP
99%
3 78 Sporting Braga
97%
9 44 Boavista
64%
6 53 Vitoria Guimaraes
64%
5 54 Arouca
57%
8 44 Famalicao
57%
18 22 CD Santa Clara
56%
14 35 Estoril
56%
7 46 GD Chaves
54%
12 40 Rio Ave
52%
15 34 Portimonense SC
51%
10 41 Casa Pia AC
49%
13 37 Gil Vicente
49%
16 26 Maritimo
48%
11 40 Vizela
45%
17 23 Paços de Ferreira
39%
Aucun quiz correspondant
Distribution des résultats
% des personnes avec chaque résultat
Percentile par nombre de réponses
Votre historique - résultats
Vous n’avez pas pris ce quiz